<?xml version="1.0" encoding="UTF-8"?>
<record
    xmlns:xsi="http://www.w3.org/2001/XMLSchema-instance"
    xsi:schemaLocation="http://www.loc.gov/MARC21/slim http://www.loc.gov/standards/marcxml/schema/MARC21slim.xsd"
    xmlns="http://www.loc.gov/MARC21/slim">

  <leader>01612    a2200205   4500</leader>
  <controlfield tag="001">33678</controlfield>
  <controlfield tag="005">20260407155628.0</controlfield>
  <controlfield tag="008">260407a1996    arg                 spa d</controlfield>
  <controlfield tag="003">AR-UNSa-BCEJYS</controlfield>
  <datafield tag="040" ind1=" " ind2=" ">
    <subfield code="a">AR-UNSa-BCEJYS</subfield>
    <subfield code="b">spa</subfield>
    <subfield code="c">AR-UNSa-BCEJYS</subfield>
  </datafield>
  <datafield tag="080" ind1=" " ind2=" ">
    <subfield code="a">349.2</subfield>
    <subfield code="x">Derecho del Trabajo</subfield>
  </datafield>
  <datafield tag="245" ind1="1" ind2="0">
    <subfield code="a">Derecho del trabajo y de la seguridad social</subfield>
  </datafield>
  <datafield tag="250" ind1=" " ind2=" ">
    <subfield code="a">7a. ed.</subfield>
  </datafield>
  <datafield tag="264" ind1=" " ind2="1">
    <subfield code="a">Buenos Aires :</subfield>
    <subfield code="b">Astrea</subfield>
    <subfield code="c">1996</subfield>
  </datafield>
  <datafield tag="300" ind1=" " ind2=" ">
    <subfield code="a">2 v.</subfield>
    <subfield code="c">22 cm.</subfield>
  </datafield>
  <datafield tag="505" ind1=" " ind2=" ">
    <subfield code="a">Vol. I: 1. Introducci&#xF3;n - 2. Evoluci&#xF3;n hist&#xF3;rica del derecho del trabajo - 3. Caracterizaci&#xF3;n del derecho del trabajo - 4. Instituciones socio-laborales - 5. La relaci&#xF3;n individual - 6. Contrato de trabajo - 7. Deberes y derechos de las partes - 8. Condiciones de trabajo - 9. Remuneraci&#xF3;n - 10. Suspensi&#xF3;n de algunas obligaciones que impone la prestaci&#xF3;n laboral - 11. Novaci&#xF3;n subjetiva del contrato de trabajo - 12. Extinci&#xF3;n del contrato de trabajo - 13. Estatutos especiales -- Vol. II: 14. Derecho de las relaciones colectivas de trabajo. Introducci&#xF3;n - 15. Asociaciones gremiales  de trabajadores - 16. Conflicto social - 17. Negociaci&#xF3;n colectiva - 18. Intervenci&#xF3;n del estado en las relaciones de trabajo - 19. Justicia laboral - 20. Derecho de la seguridad social. Introducci&#xF3;n - 21. R&#xE9;gimen previsional argentino - 22. R&#xE9;gimen de riesgos del trabajo - 23. R&#xE9;gimen de obras sociales - 24. R&#xE9;gimen de asignaciones familiares - 25. R&#xE9;gimen del seguro de desempleo - 26. Cobertura de otros estados de necesidad en la Argentina</subfield>
  </datafield>
  <datafield tag="942" ind1=" " ind2=" ">
    <subfield code="c">BK</subfield>
  </datafield>
  <datafield tag="590" ind1=" " ind2=" ">
    <subfield code="a">niveau_biblio:m niveau_hierar:0</subfield>
  </datafield>
  <datafield tag="100" ind1="1" ind2=" ">
    <subfield code="a">V&#xE1;zquez Vialard, Antonio</subfield>
  </datafield>
  <datafield tag="999" ind1=" " ind2=" ">
    <subfield code="c">2382</subfield>
    <subfield code="d">2382</subfield>
  </datafield>
  <datafield tag="952" ind1=" " ind2=" ">
    <subfield code="0">0</subfield>
    <subfield code="1">0</subfield>
    <subfield code="4">0</subfield>
    <subfield code="7">0</subfield>
    <subfield code="a">BCEJYS</subfield>
    <subfield code="b">BCEJYS</subfield>
    <subfield code="c">16</subfield>
    <subfield code="d">2026-04-07</subfield>
    <subfield code="l">0</subfield>
    <subfield code="o">349.2 V393 v.2 7ed.</subfield>
    <subfield code="p">L69834</subfield>
    <subfield code="r">2026-04-07 15:56:28</subfield>
    <subfield code="w">2026-04-07</subfield>
    <subfield code="y">L</subfield>
  </datafield>
  <datafield tag="952" ind1=" " ind2=" ">
    <subfield code="0">0</subfield>
    <subfield code="1">0</subfield>
    <subfield code="4">0</subfield>
    <subfield code="7">0</subfield>
    <subfield code="a">BCEJYS</subfield>
    <subfield code="b">BCEJYS</subfield>
    <subfield code="c">16</subfield>
    <subfield code="d">2026-04-07</subfield>
    <subfield code="l">0</subfield>
    <subfield code="o">349.2 V393 v.1 7ed.</subfield>
    <subfield code="p">L69648</subfield>
    <subfield code="r">2026-04-07 15:56:28</subfield>
    <subfield code="w">2026-04-07</subfield>
    <subfield code="y">L</subfield>
  </datafield>
  <datafield tag="952" ind1=" " ind2=" ">
    <subfield code="0">0</subfield>
    <subfield code="1">0</subfield>
    <subfield code="4">0</subfield>
    <subfield code="7">0</subfield>
    <subfield code="a">BCEJYS</subfield>
    <subfield code="b">BCEJYS</subfield>
    <subfield code="c">16</subfield>
    <subfield code="d">2026-04-07</subfield>
    <subfield code="l">0</subfield>
    <subfield code="o">349.2 V393 v.1 7ed.</subfield>
    <subfield code="p">L69649</subfield>
    <subfield code="r">2026-04-07 15:56:28</subfield>
    <subfield code="w">2026-04-07</subfield>
    <subfield code="y">L</subfield>
  </datafield>
  <datafield tag="952" ind1=" " ind2=" ">
    <subfield code="0">0</subfield>
    <subfield code="1">0</subfield>
    <subfield code="4">0</subfield>
    <subfield code="7">0</subfield>
    <subfield code="a">BCEJYS</subfield>
    <subfield code="b">BCEJYS</subfield>
    <subfield code="c">16</subfield>
    <subfield code="d">2026-04-07</subfield>
    <subfield code="l">0</subfield>
    <subfield code="o">349.2 V393 v.1 7ed.</subfield>
    <subfield code="p">L69650</subfield>
    <subfield code="r">2026-04-07 15:56:28</subfield>
    <subfield code="w">2026-04-07</subfield>
    <subfield code="y">L</subfield>
  </datafield>
  <datafield tag="952" ind1=" " ind2=" ">
    <subfield code="0">0</subfield>
    <subfield code="1">0</subfield>
    <subfield code="4">0</subfield>
    <subfield code="7">0</subfield>
    <subfield code="a">BCEJYS</subfield>
    <subfield code="b">BCEJYS</subfield>
    <subfield code="c">16</subfield>
    <subfield code="d">2026-04-07</subfield>
    <subfield code="l">0</subfield>
    <subfield code="o">349.2 V393 v.2 7ed.</subfield>
    <subfield code="p">L69835</subfield>
    <subfield code="r">2026-04-07 15:56:28</subfield>
    <subfield code="w">2026-04-07</subfield>
    <subfield code="y">L</subfield>
  </datafield>
  <datafield tag="952" ind1=" " ind2=" ">
    <subfield code="0">0</subfield>
    <subfield code="1">0</subfield>
    <subfield code="4">0</subfield>
    <subfield code="7">0</subfield>
    <subfield code="a">BCEJYS</subfield>
    <subfield code="b">BCEJYS</subfield>
    <subfield code="c">16</subfield>
    <subfield code="d">2026-04-07</subfield>
    <subfield code="l">0</subfield>
    <subfield code="o">349.2 V393 v.2 7ed.</subfield>
    <subfield code="p">L69836</subfield>
    <subfield code="r">2026-04-07 15:56:28</subfield>
    <subfield code="w">2026-04-07</subfield>
    <subfield code="y">L</subfield>
  </datafield>
</record>
